000 00418nam a22001697a 4500
003 CEME
005 20210628204010.0
008 210114b xxu||||| |||| 00| 0 eng d
020 _a9693520742
040 _cceme
082 _a297.4 AHM
100 _aProf Ahmad Rafiq Akhtar
_968192
245 _aMajmua prof ahmad rafiq akhtar -1
260 _aLAHORE
_bSANG-E-MEEL PUB
_c2006
300 _a582P
942 _cBK
_2ddc
999 _c575814
_d575814